| 000 | 00373nam a22001577a 4500 | ||
|---|---|---|---|
| 003 | OSt | ||
| 005 | 20210930154418.0 | ||
| 008 | 210930b |||||||| |||| 00| 0 eng d | ||
| 020 | _a0070449465 | ||
| 040 | _cHU | ||
| 082 | _a330 | ||
| 100 |
_aBingham, Robert C _98792 |
||
| 245 | _aStudy guide to accompany McConnell Economics | ||
| 300 | _aiX436 | ||
| 942 |
_2ddc _cCOMPUTER _n0 |
||
| 999 |
_c8147 _d8147 |
||